000 01237nam0a2200337 i 4500
001 RU\NLR\BIBL_A\010467386
005 20240921101652.0
010 _a9785742244660
_916
021 _aRU
_b2014-53065
_93202
035 _a(NILC)RuMoRGB-007520644
035 _a(NLR Aleph) 010467386
090 _a10008110
_c10008110
100 _a20140926d2014 u y0rusy50 ca
101 0 _arus
102 _aRU
105 _ay|||z|||000yy
200 1 _aГрани слов
_eк проблеме донесения задачи "Дело социумного возрождения"
_fБорис Кондратьев
205 _aИзд. 2-е, доп.
210 _aСанкт-Петербург
_cИзд-во Политехнического ун-та
_d2014
215 _a266 с.
_d20
320 _aБиблиогр.: с. 262-264 (42 назв.)
675 _a316.7
686 2 _aШ6(2=Р)8я44
700 1 _aКондратьев
_bБ. С.
_cканд. физ.-мат. наук, поэт
_gБорис Сергеевич
_9136083
_3RU\NLR\AUTH\770136118
801 0 _aRU
_bRuMoRKP
_c20131024
_gRCR
801 2 _aRU
_bРГБ
_c20140715
_grcr
942 _cBOOK
980 _aNBR